| 000 | 00767nam a2200253Ia 4500 | ||
|---|---|---|---|
| 003 | OSt | ||
| 005 | 20220923224552.0 | ||
| 006 | a|||||r|||| 00| 0 | ||
| 007 | ta | ||
| 008 | Pun | ||
| 020 | _c125 | ||
| 024 | _a242,895 | ||
| 037 |
_b7501/8, 19/11/2009, Arsee Publishers _cTextual |
||
| 040 |
_aARTS _cARTS _bPun |
||
| 041 |
_2Pun _aPun |
||
| 082 | _aO153,2NAT,TT, P6 | ||
| 100 | _aਆਤਮਜੀਤ | ||
| 245 | 0 | _aਤੱਤੀ ਤਵੀ ਦਾ ਸੱਚ | |
| 260 |
_aਦਿੱਲੀ _b ਪੰਜਾਬੀ ਸਭਿਆਚਾਰਕ _c2006 |
||
| 300 |
_a96ਪੰ _ccm. |
||
| 650 | _aਪੰਜਾਬੀ ਸਾਹਿਤ | ||
| 942 |
_hO153,2NAT,TT, P6 _cTEXL _2CC |
||
| 999 |
_c372266 _d372266 |
||